[Event "II Festival ASDEC A"]
[Site "Messina ITA"]
[Date "2012.08.28"]
[Round "2"]
[White "Colnaghi, Davide"]
[Black "Arico', Maurizio"]
[WhiteElo "1690"]
[BlackElo "1843"]
[Result "0-1"]
[PlyCount "40"]
[EventDate "2012.08.27"]

1. e4 e6 2. d4 d5 3. Nc3 Nf6 4. Bg5 Be7 5. e5 Nfd7 6. h4 O-O 7. Qg4 f5 8. exf6
Nxf6 9. Qg3 c5 10. O-O-O Nc6 11. Nf3 Bd6 12. Ne5 cxd4 13. Nxc6 bxc6 14. f4 dxc3
15. Bd3 Qb6 16. bxc3 Nh5 17. Qf3 Nxf4 18. Rde1 Nxd3+ 19. Qxd3 Ba6 20. Qh3 Ba3+
0-1

[Event "II Festival ASDEC A"]
[Site "Messina ITA"]
[Date "2012.08.28"]
[Round "2"]
[White "Cusmano, Antonello"]
[Black "Cannella, Carlo"]
[WhiteElo "1550"]
[BlackElo "1950"]
[Result "0-1"]
[PlyCount "46"]
[EventDate "2012.08.27"]

1. d4 Nf6 2. Bf4 d5 3. e3 c6 4. c3 Bf5 5. Bd3 Bxd3 6. Qxd3 e6 7. Nd2 Bd6 8. Bg3
Qc7 9. Ngf3 Nbd7 10. a3 O-O 11. c4 Qb8 12. c5 Bc7 13. b4 Re8 14. O-O-O b6 15.
Qc3 a5 16. cxb6 Qxb6 17. Ne5 Nxe5 18. dxe5 Nd7 19. f4 Reb8 20. Kc2 axb4 21.
axb4 Ra2+ 22. Kd3 Qb5+ 23. Kd4 Bb6+ 0-1

[Event "II Festival ASDEC A"]
[Site "Messina ITA"]
[Date "2012.08.28"]
[Round "2"]
[White "Ferrigno, Vincenzo"]
[Black "Vazzana, Antonio"]
[WhiteElo "1827"]
[BlackElo "1711"]
[Result "1/2-1/2"]
[PlyCount "78"]
[EventDate "2012.08.27"]

1. e4 c5 2. Nf3 d6 3. d4 cxd4 4. Nxd4 Nf6 5. Nc3 a6 6. Be3 e5 7. Nb3 Be7 8. Bc4
b5 9. Bd5 Nxd5 10. Nxd5 Nd7 11. Qg4 O-O 12. Bh6 Bf6 13. Nxf6+ Qxf6 14. Bg5 Qg6
15. Qh4 Bb7 16. O-O-O Bxe4 17. Rd2 Rfc8 18. Na1 Rc6 19. f3 Bf5 20. g4 Be6 21.
Be7 Bxa2 22. b3 a5 23. Rhd1 Rac8 24. Qf2 a4 25. Rxd6 Rxd6 26. Rxd6 Nf6 27. Qd2
h6 28. h4 Re8 29. h5 Qg5 30. Qxg5 hxg5 31. Bxf6 gxf6 32. Rxf6 e4 33. fxe4 Rxe4
34. Kb2 axb3 35. cxb3 Bxb3 36. Nxb3 Rxg4 37. Rf5 Kg7 38. Rxb5 Kh6 39. Rf5 Rf4
1/2-1/2

[Event "II Festival ASDEC A"]
[Site "Messina ITA"]
[Date "2012.08.28"]
[Round "2"]
[White "Gangemi, Domenico"]
[Black "Favaloro, Andrea"]
[WhiteElo "1500"]
[BlackElo "1760"]
[Result "0-1"]
[PlyCount "76"]
[EventDate "2012.08.27"]

1. d4 Nf6 2. Nf3 g6 3. Bf4 Bg7 4. e3 O-O 5. h3 d6 6. Nbd2 c5 7. c3 Nbd7 8. Bd3
Re8 9. O-O e5 10. Bh2 e4 11. Nxe4 Nxe4 12. Qc2 Ndf6 13. Rfe1 a6 14. Rad1 Qa5
15. a3 b5 16. c4 bxc4 17. Bxc4 d5 18. Ba2 c4 19. Ne5 Bd7 20. Nxd7 Nxd7 21. f3
Nef6 22. e4 Nb6 23. Bd6 Nfd7 24. e5 Nc8 25. Bb4 Qb5 26. Bc3 Ncb6 27. b3 Rac8
28. a4 Qc6 29. Rc1 cxb3 30. Qxb3 Qxa4 31. Qb2 Nc4 32. Bxc4 Rxc4 33. Ra1 Qc6 34.
Ra3 Rb8 35. Qa1 Nb6 36. Re3 Bh6 37. Rd3 Na4 38. Rxa4 Rxa4 0-1

[Event "II Festival ASDEC A"]
[Site "Messina ITA"]
[Date "2012.08.28"]
[Round "2"]
[White "Gelardi, Davide"]
[Black "Fariselli, Umberto"]
[WhiteElo "1755"]
[BlackElo "1347"]
[Result "1-0"]
[PlyCount "55"]
[EventDate "2012.08.27"]

1. Nf3 d6 2. d4 Nf6 3. c4 b6 4. Nc3 e6 5. Bg5 Be7 6. e4 O-O 7. Bd3 Nbd7 8. e5
Ne8 9. Bxe7 Qxe7 10. Qc2 f5 11. O-O-O Bb7 12. Rde1 a6 13. Kb1 Rf7 14. d5 Nf8
15. h4 Ng6 16. Ng5 Nxe5 17. Nxf7 Qxf7 18. dxe6 Qf6 19. Nd5 Bxd5 20. cxd5 g6 21.
h5 Kf8 22. hxg6 hxg6 23. Rh7 Kg8 24. Reh1 Ng4 25. Qc6 Qd4 26. Qd7 Qf6 27. Rh8+
Qxh8 28. Qf7# 1-0

[Event "II Festival ASDEC A"]
[Site "Messina ITA"]
[Date "2012.08.28"]
[Round "2"]
[White "Gromovs, Sergejs"]
[Black "Trimarchi, Giuseppe"]
[WhiteElo "2206"]
[BlackElo "1853"]
[Result "1/2-1/2"]
[PlyCount "178"]
[EventDate "2012.08.27"]

1. d4 d5 2. c4 c6 3. Nf3 Nf6 4. Nc3 a6 5. c5 Nbd7 6. Bf4 Qa5 7. e3 Ne4 8. Bd3
Nxc3 9. Qd2 Nf6 10. Qxc3 Qxc3+ 11. bxc3 Nh5 12. Bc7 g6 13. Rb1 Bg7 14. c4 e6
15. Ke2 f5 16. Rb3 Kd7 17. Ba5 Re8 18. Rhb1 e5 19. dxe5 Bxe5 20. cxd5 cxd5 21.
Rd1 Nf6 22. Nxe5+ Rxe5 23. Bc3 Re6 24. Bxf6 Rxf6 25. Bc4 Kc7 26. Bxd5 Rb8 27.
Rdb1 b5 28. cxb6+ Rfxb6 29. Rxb6 Rxb6 30. Rxb6 Kxb6 31. Bg8 h6 32. Kd3 Kc5 33.
a3 g5 34. f3 a5 35. Bc4 Bd7 36. e4 fxe4+ 37. fxe4 Bc6 38. Bb3 Bb5+ 39. Ke3 Bc6
40. g3 Bb7 41. Kd3 Ba6+ 42. Kc3 Bb7 43. e5 Bc6 44. Bf7 Bf3 45. Bg8 Be2 46. Bb3
Bb5 47. e6 h5 48. e7 Be8 49. Bd1 Kd5 50. a4 h4 51. g4 Kc5 52. Bb3 Kd6 53. Kd4
Bd7 54. Bd1 Kxe7 55. Kc5 Ke6 56. Kb6 Ke5 57. Kxa5 Kf4 58. Kb4 Bxg4 59. Bxg4
Kxg4 60. a5 Kh3 61. a6 Kxh2 62. a7 g4 63. a8=Q g3 64. Qb8 Kh3 65. Qf4 g2 66.
Qf5+ Kh2 67. Qf4+ Kh3 68. Qf5+ Kh2 69. Qe5+ Kh1 70. Qe4 h3 71. Qf3 Kh2 72. Qf4+
Kh1 73. Qe4 Kh2 74. Qe5+ Kh1 75. Qd5 Kh2 76. Qd6+ Kh1 77. Qc6 Kh2 78. Qc7+ Kh1
79. Qb7 Kh2 80. Qb8+ Kh1 81. Qa8 Kh2 82. Qa2 Kh1 83. Qd5 Kh2 84. Qd2 Kh1 85.
Qd5 Kh2 86. Qe5+ Kh1 87. Qg3 g1=Q 88. Qxh3+ Qh2 89. Qxh2+ Kxh2 1/2-1/2

[Event "II Festival ASDEC A"]
[Site "Messina ITA"]
[Date "2012.08.28"]
[Round "2"]
[White "Iannello, Andrea"]
[Black "Gangemi, Salvatore"]
[WhiteElo "1776"]
[BlackElo "2048"]
[Result "0-1"]
[PlyCount "53"]
[EventDate "2012.08.27"]

1. e4 e6 2. Nc3 d5 3. Nf3 Nf6 4. e5 Nfd7 5. d4 c5 6. Bg5 Qb6 7. Na4 Qa5+ 8. c3
cxd4 9. Nxd4 a6 10. b4 Qc7 11. Qg4 b5 12. Nxe6 Qxe5+ 13. Be2 Qxe6 14. Nb2 Bd6
15. O-O Qxg4 16. Bxg4 O-O 17. Rad1 Nb6 18. Bf3 Be6 19. Nd3 Rc8 20. Be3 N8d7 21.
Bd4 Be7 22. Nf4 Bf6 23. Nxe6 fxe6 24. Bg4 Rc6 25. f4 Bxd4+ 26. cxd4 Nf6 27. f5
0-1

[Event "II Festival ASDEC A"]
[Site "Messina ITA"]
[Date "2012.08.28"]
[Round "2"]
[White "Marzaduri, Marco R."]
[Black "Seletsky, Grigory"]
[WhiteElo "1845"]
[BlackElo "2348"]
[Result "0-1"]
[PlyCount "60"]
[EventDate "2012.08.27"]

1. e4 c5 2. d4 cxd4 3. Nf3 Nc6 4. Nxd4 Nf6 5. Nc3 e6 6. Be2 Qc7 7. Be3 a6 8.
O-O d6 9. f4 Bd7 10. Kh1 Be7 11. Qe1 Nxd4 12. Bxd4 Bc6 13. Bf3 O-O 14. Qg3 b5
15. a3 Rac8 16. Rae1 g6 17. f5 e5 18. Be3 Kh8 19. fxg6 Rg8 20. Qf2 Rxg6 21. Bb6
Qb7 22. Nd5 Nxd5 23. exd5 Bxd5 24. Bxd5 Qxd5 25. c3 Bh4 26. Rd1 Qxd1 27. Qxf7
Qe2 28. g3 Qe4+ 29. Kg1 Bxg3 30. hxg3 Rxg3+ 0-1

[Event "II Festival ASDEC A"]
[Site "Messina ITA"]
[Date "2012.08.28"]
[Round "2"]
[White "Marzaduri, Riccardo"]
[Black "Fenocchio, Renato"]
[WhiteElo "1826"]
[BlackElo "1587"]
[Result "1-0"]
[PlyCount "95"]
[EventDate "2012.08.27"]

1. e4 d5 2. exd5 Qxd5 3. Nc3 Qd6 4. Nf3 Bg4 5. Be2 a6 6. O-O Nf6 7. d3 e6 8.
Be3 Be7 9. Nd2 Bxe2 10. Qxe2 O-O 11. Nc4 Qd8 12. Rad1 Nbd7 13. Ne4 c6 14. Bf4
Nd5 15. Bg3 f5 16. Ned6 Nc7 17. Nxb7 Qc8 18. Bxc7 Qxc7 19. Qxe6+ Rf7 20. Nba5
Rc8 21. Qe2 Kh8 22. Nb3 Bf6 23. Qe6 Re7 24. Qxf5 Rce8 25. Qa5 Qa7 26. Rde1 h6
27. Rxe7 Rxe7 28. Re1 Rxe1+ 29. Qxe1 Nc5 30. Qe8+ Kh7 31. Qxc6 Nxb3 32. axb3
Be7 33. Qe4+ Kh8 34. Ne5 Bc5 35. Ng6+ Kg8 36. Qe8+ Kh7 37. Nf8+ Bxf8 38. Qxf8
Qd4 39. Qf5+ Kh8 40. c3 Qd8 41. d4 Qb8 42. Qc2 Qe8 43. Qd1 Qb5 44. c4 Qa5 45.
d5 Qc7 46. d6 Qd7 47. c5 Kg8 48. c6 1-0

[Event "II Festival ASDEC A"]
[Site "Messina ITA"]
[Date "2012.08.28"]
[Round "2"]
[White "Mazzaglia, Antonino"]
[Black "Russo, Alfio"]
[WhiteElo "1436"]
[BlackElo "1905"]
[Result "0-1"]
[PlyCount "92"]
[EventDate "2012.08.27"]

1. d4 g6 2. g3 Bg7 3. Bg2 d6 4. e4 Nf6 5. Nc3 c6 6. Be3 a5 7. a4 Na6 8. Nge2
O-O 9. O-O e5 10. f4 Ng4 11. Bc1 exd4 12. Nxd4 Nb4 13. Nce2 Qb6 14. h3 c5 15.
Nb5 c4+ 16. Ned4 Nf6 17. Be3 Qd8 18. c3 Nd3 19. Qd2 Bxh3 20. Na3 Bxg2 21. Qxg2
Ng4 22. Nxc4 Rc8 23. Qe2 Nxe3 24. Nxe3 Nc5 25. Ng4 Re8 26. Nf2 Nxe4 27. Nxe4 d5
28. Nf6+ Bxf6 29. Qd3 Qb6 30. Rf2 Bxd4 31. Qxd4 Qxd4 32. cxd4 Rc4 33. Rd2 Re4
34. Ra3 Rexd4 35. Rxd4 Rxd4 36. Rb3 Rb4 37. Rxb4 axb4 38. Kf2 Kf8 39. Ke3 Ke7
40. Kd4 Kd6 41. b3 b6 42. Ke3 Kc5 43. Kd3 f5 44. Ke3 d4+ 45. Kd3 Kd5 46. Ke2
Ke4 0-1

[Event "II Festival ASDEC A"]
[Site "Messina ITA"]
[Date "2012.08.28"]
[Round "2"]
[White "Napoli Costa, Antonello"]
[Black "Sileci, Salvatore"]
[WhiteElo "1743"]
[BlackElo "1751"]
[Result "1-0"]
[PlyCount "47"]
[EventDate "2012.08.27"]

1. e4 c5 2. Nf3 d6 3. d4 cxd4 4. Qxd4 Nc6 5. Bb5 Bd7 6. Qd3 Nf6 7. Nc3 g6 8.
Bg5 Bg7 9. O-O O-O 10. Rad1 a6 11. Ba4 b5 12. Bb3 Na5 13. e5 Bf5 14. Qd2 dxe5
15. Qe1 Qc7 16. Bxf6 Nxb3 17. Bxg7 Bxc2 18. Nd5 Qc5 19. axb3 Bxd1 20. Qxe5 Bxf3
21. Bxf8 f6 22. Nxf6+ exf6 23. Qxc5 Rxf8 24. gxf3 1-0

[Event "II Festival ASDEC A"]
[Site "Messina ITA"]
[Date "2012.08.28"]
[Round "2"]
[White "Rosolia, Giuseppe"]
[Black "Grasso, Gaetano"]
[WhiteElo "1817"]
[BlackElo "2032"]
[Result "0-1"]
[PlyCount "88"]
[EventDate "2012.08.27"]

1. Nf3 b6 2. g3 Bb7 3. Bg2 g5 4. d3 Bg7 5. e4 h6 6. Nbd2 e6 7. a4 Ne7 8. Nc4 d5
9. Na3 Nd7 10. O-O dxe4 11. Nd2 Nc5 12. Nxe4 Nxa4 13. Nf6+ Bxf6 14. Bxb7 Rb8
15. Qf3 Bg7 16. Nb5 Nc5 17. Bc6+ Nxc6 18. Qxc6+ Qd7 19. Qxd7+ Kxd7 20. Rxa7
Rhc8 21. f4 Kc6 22. c4 Nxd3 23. fxg5 Nxc1 24. Rxc1 hxg5 25. b4 Ra8 26. Rf1 f5
27. h4 gxh4 28. gxh4 Bf6 29. h5 Rg8+ 30. Kf2 Rxa7 31. Nxa7+ Kb7 32. Nb5 Rg4 33.
Rc1 Bg5 34. Rc2 Rh4 35. Kf3 e5 36. Rg2 Rxh5 37. Ra2 e4+ 38. Kg2 Bf4 39. Ra7+
Kb8 40. c5 c6 41. cxb6 cxb5 42. Ra5 e3 43. b7 Rh2+ 44. Kg1 Rb2 0-1

[Event "II Festival ASDEC A"]
[Site "Messina ITA"]
[Date "2012.08.28"]
[Round "2"]
[White "Rota, Giacomo"]
[Black "Quattrone, Andrea"]
[WhiteElo "1983"]
[BlackElo "1820"]
[Result "1/2-1/2"]
[PlyCount "93"]
[EventDate "2012.08.27"]

1. d4 Nf6 2. Nf3 b5 3. g3 Bb7 4. Bg2 e6 5. O-O h6 6. b3 c5 7. Bb2 cxd4 8. Nxd4
Bxg2 9. Kxg2 Qc7 10. Na3 a6 11. Qd3 d5 12. f3 b4 13. Nb1 Nbd7 14. a3 e5 15. Nf5
g6 16. Ne3 d4 17. Nc4 Nd5 18. Bxd4 Rd8 19. Bb2 Nc5 20. Bxe5 Qxe5 21. Nxe5 Nxd3
22. cxd3 Ne3+ 23. Kg1 Nxf1 24. Kxf1 Bg7 25. f4 O-O 26. axb4 Rc8 27. Nd2 Rc2 28.
Ndc4 Re8 29. Ke1 f6 30. Kd1 fxe5 31. Kxc2 exf4 32. Rxa6 Rxe2+ 33. Kd1 f3 34.
Nd2 Re3 35. Rxg6 f2 36. Rg4 Re1+ 37. Kc2 f1=Q 38. Nxf1 Rxf1 39. Rf4 Ra1 40. b5
Ra2+ 41. Kd1 Rb2 42. g4 Rxb3 43. Ke2 Bc3 44. g5 h5 45. Kf3 Rb4 46. Rxb4 Bxb4
47. Kf4 1/2-1/2

[Event "II Festival ASDEC A"]
[Site "Messina ITA"]
[Date "2012.08.28"]
[Round "2"]
[White "Scattareggia, Domenico"]
[Black "Tricomi, Massimo"]
[WhiteElo "2027"]
[BlackElo "1837"]
[Result "1/2-1/2"]
[PlyCount "51"]
[EventDate "2012.08.27"]

1. e4 d6 2. Bc4 Nf6 3. d3 e5 4. Ne2 Be7 5. O-O c6 6. a3 O-O 7. Be3 Be6 8. Bxe6
fxe6 9. c4 Ng4 10. Bc1 Qb6 11. d4 Nd7 12. b4 Rad8 13. Nbc3 Qc7 14. Qb3 d5 15.
g3 Nb6 16. exd5 exd5 17. c5 Nc4 18. h3 exd4 19. hxg4 dxc3 20. Qxc3 Bf6 21. Nd4
Bxd4 22. Qxd4 Qe5 23. Bb2 Rde8 24. Qxe5 Nxe5 25. Bxe5 Rxe5 26. f4 1/2-1/2

[Event "II Festival ASDEC A"]
[Site "Messina ITA"]
[Date "2012.08.28"]
[Round "2"]
[White "Spina, Simonpietro"]
[Black "Bonanzinga, Corrado"]
[WhiteElo "1730"]
[BlackElo "2091"]
[Result "0-1"]
[PlyCount "50"]
[EventDate "2012.08.27"]

1. c4 c5 2. Nc3 Nc6 3. g3 g6 4. Bg2 Bg7 5. Nf3 e6 6. d3 Nge7 7. Rb1 d5 8. cxd5
Nxd5 9. Nxd5 Qxd5 10. a3 O-O 11. O-O a5 12. Bd2 Qd7 13. Qc1 b6 14. Bh6 Bb7 15.
Bxg7 Kxg7 16. Qc3+ f6 17. Qb3 Ra6 18. Bh3 Re8 19. Rbc1 Qd5 20. Qxd5 exd5 21. e3
Raa8 22. b4 axb4 23. axb4 Nxb4 24. d4 Ba6 25. Rfd1 Be2 0-1

[Event "II Festival ASDEC A"]
[Site "Messina ITA"]
[Date "2012.08.28"]
[Round "2"]
[White "Zimmer, Hans-Werner"]
[Black "La Piana, Antonino"]
[WhiteElo "1994"]
[BlackElo "1700"]
[Result "1-0"]
[PlyCount "49"]
[EventDate "2012.08.27"]

1. e4 e5 2. f4 exf4 3. Bc4 Qh4+ 4. Kf1 Nf6 5. Nf3 Qh5 6. Qe1 Be7 7. d4 g5 8. e5
Ng4 9. Kg1 Nc6 10. h4 gxh4 11. Bxf4 Qf5 12. Qd2 b6 13. Nc3 Nb4 14. a3 Nc6 15.
Bd3 Qh5 16. Nd5 Bd8 17. Re1 Kf8 18. Nxc7 Rb8 19. c3 Bb7 20. Nd5 f6 21. exf6
Qxd5 22. Bh6+ Kf7 23. Ng5+ Qxg5 24. Qxg5 Rg8 25. Qd5+ 1-0

[Event "II Festival ASDEC A"]
[Site "Messina ITA"]
[Date "2012.08.29"]
[Round "3"]
[White "Alfarone, Giovanni"]
[Black "Iannello, Antonio"]
[WhiteElo "1992"]
[BlackElo "1741"]
[Result "1-0"]
[PlyCount "87"]
[EventDate "2012.08.27"]

1. Nf3 Nf6 2. d4 g6 3. c4 Bg7 4. g3 O-O 5. Bg2 d6 6. Nc3 Nc6 7. d5 Na5 8. Nd2
c5 9. O-O a6 10. Qc2 Rb8 11. Rb1 b5 12. cxb5 axb5 13. b4 cxb4 14. Rxb4 Ba6 15.
Qb1 Qc7 16. Nxb5 Qc5 17. a4 Nxd5 18. Bxd5 Qxd5 19. Nf3 Rbc8 20. Bg5 Rfe8 21.
Rd1 Qe6 22. Re4 Qd7 23. Bxe7 Rxe7 24. Rxd6 Qb7 25. Rxe7 Qxe7 26. Rxa6 Qxe2 27.
Kg2 Nc4 28. Qb3 Nd2 29. Nxd2 Qxd2 30. Ra7 Rf8 31. a5 Qe2 32. Nd6 Qe6 33. Qxe6
fxe6 34. Re7 Bd4 35. f4 Ra8 36. Re8+ Rxe8 37. Nxe8 Kf8 38. Nc7 e5 39. Ne6+ Ke7
40. Nxd4 exd4 41. a6 d3 42. Kf2 Kd7 43. a7 d2 44. Ke2 1-0

[Event "II Festival ASDEC A"]
[Site "Messina ITA"]
[Date "2012.08.29"]
[Round "3"]
[White "Arico', Maurizio"]
[Black "Mazzaglia, Antonino"]
[WhiteElo "1843"]
[BlackElo "1436"]
[Result "1-0"]
[PlyCount "125"]
[EventDate "2012.08.27"]

1. e4 e5 2. Nf3 Nf6 3. Nxe5 Qe7 4. d4 d6 5. Nf3 Nxe4 6. Be2 c6 7. O-O g6 8. Re1
Bg7 9. Bd3 d5 10. Nc3 f5 11. Bf4 O-O 12. Be5 Nd7 13. Bxg7 Qxg7 14. Ne2 Re8 15.
c4 b6 16. Rc1 Bb7 17. cxd5 cxd5 18. Rc7 Rab8 19. Bb5 Re7 20. Qa4 Ndf6 21. Rxe7
Qxe7 22. Nc3 Ng4 23. Nd1 a5 24. h3 Nh6 25. Nc3 Nf7 26. Bc6 Qd6 27. Bxb7 Rxb7
28. Qb3 Rd7 29. Rc1 Qf4 30. Ne2 Qd6 31. Rc8+ Rd8 32. Rxd8+ Qxd8 33. Nf4 Qc7 34.
Nd3 Kg7 35. Qxd5 Nxf2 36. Nxf2 Qc1+ 37. Kh2 Qf4+ 38. g3 Qe3 39. Kg2 g5 40. Ne5
Nh6 41. Qb7+ Kf6 42. Qxb6+ Kg7 43. Qc7+ Kf6 44. Qd6+ Kg7 45. Qe7+ Kg8 46. Qe6+
Kg7 47. Qd6 f4 48. Nf3 fxg3 49. Qxg3 Kg6 50. h4 Nf7 51. Nxg5 Qxg3+ 52. Kxg3 Nd6
53. Kf4 Nf5 54. Nf3 Nd6 55. b3 Kh5 56. Ne4 Ne8 57. d5 h6 58. d6 Ng7 59. Nc5 a4
60. d7 axb3 61. axb3 Nf5 62. d8=Q Nd6 63. Qg8 1-0

[Event "II Festival ASDEC A"]
[Site "Messina ITA"]
[Date "2012.08.29"]
[Round "3"]
[White "Bonanzinga, Corrado"]
[Black "Gelardi, Davide"]
[WhiteElo "2091"]
[BlackElo "1755"]
[Result "1-0"]
[PlyCount "59"]
[EventDate "2012.08.27"]

1. d4 e6 2. c4 c5 3. d5 Nf6 4. Nc3 exd5 5. cxd5 d6 6. Nf3 g6 7. Nd2 Bg7 8. e4
O-O 9. Be2 Nbd7 10. O-O a6 11. a4 Ne8 12. Nc4 Rb8 13. Bf4 Ne5 14. Nxe5 Bxe5 15.
Be3 Nc7 16. f4 Bg7 17. e5 Re8 18. Bf3 dxe5 19. Bxc5 e4 20. Nxe4 Nxd5 21. Nd6
Ne3 22. Qb3 Re6 23. Nxf7 Qd7 24. Ne5 Bxe5 25. fxe5 Nxf1 26. Rxf1 Kg7 27. Bd5 b6
28. Bf8+ Kh8 29. Bh6 Bb7 30. Bxe6 1-0

[Event "II Festival ASDEC A"]
[Site "Messina ITA"]
[Date "2012.08.29"]
[Round "3"]
[White "Buzzanca, Francesco"]
[Black "Cappadona, Salvatore"]
[WhiteElo "1687"]
[BlackElo "2081"]
[Result "0-1"]
[PlyCount "64"]
[EventDate "2012.08.27"]

1. d4 d5 2. c4 Nc6 3. Nc3 Nf6 4. Bg5 Ne4 5. Nxe4 dxe4 6. e3 h6 7. Bh4 Bf5 8. a3
g5 9. Bg3 Bg7 10. Qa4 O-O 11. Ne2 e5 12. d5 Ne7 13. Nc3 Bg6 14. Be2 f5 15. f3
f4 16. Bf2 exf3 17. gxf3 fxe3 18. Bxe3 Nf5 19. Bc5 Re8 20. Ne4 Nd4 21. Bxd4
exd4 22. Bd3 g4 23. O-O gxf3 24. Qc2 Bxe4 25. Rf2 Qg5+ 26. Kh1 Bxd3 27. Qxd3
Re3 28. Qd2 Kh8 29. Rg1 Qe7 30. Rgf1 Rf8 31. Rg1 Re2 32. Rxe2 fxe2 0-1

[Event "II Festival ASDEC A"]
[Site "Messina ITA"]
[Date "2012.08.29"]
[Round "3"]
[White "Cannella, Carlo"]
[Black "Zimmer, Hans-Werner"]
[WhiteElo "1950"]
[BlackElo "1994"]
[Result "1-0"]
[PlyCount "59"]
[EventDate "2012.08.27"]

1. e4 e5 2. Nf3 Nc6 3. Bb5 f5 4. d3 Nf6 5. Nc3 d6 6. O-O Be7 7. a4 O-O 8. Bc4+
Kh8 9. Ng5 Qe8 10. Ne6 Bxe6 11. Bxe6 fxe4 12. dxe4 Nd4 13. Bc4 Qg6 14. f3 Rae8
15. Be3 Nc6 16. Nb5 Bd8 17. Nxa7 Nxa7 18. Bxa7 b6 19. a5 Nh5 20. axb6 cxb6 21.
Ra6 Qh6 22. Qe1 Rf6 23. Bxb6 Bxb6+ 24. Rxb6 Nf4 25. Rf2 Ref8 26. Kh1 Qg5 27.
Qd2 Rg6 28. Bf1 Nh3 29. Re2 Rxf3 30. Rb8+ 1-0

[Event "II Festival ASDEC A"]
[Site "Messina ITA"]
[Date "2012.08.29"]
[Round "3"]
[White "Carbone, Stefano"]
[Black "Tricomi, Massimo"]
[WhiteElo "2002"]
[BlackElo "1837"]
[Result "1-0"]
[PlyCount "47"]
[EventDate "2012.08.27"]

1. Nf3 d6 2. d4 Bg4 3. g3 Bxf3 4. exf3 e5 5. d5 Nf6 6. c4 Nbd7 7. Bg2 Be7 8.
Nc3 O-O 9. O-O a6 10. f4 exf4 11. Bxf4 Re8 12. Qc2 Nf8 13. Bd2 Qd7 14. h3 Ng6
15. Ne2 Bf8 16. Nd4 h6 17. Bc3 Ne7 18. Rfd1 Rab8 19. a4 g6 20. Ne6 Bg7 21. Nxg7
Kxg7 22. Bxf6+ Kxf6 23. Qc3+ Kg5 24. h4+ 1-0

[Event "II Festival ASDEC A"]
[Site "Messina ITA"]
[Date "2012.08.29"]
[Round "3"]
[White "Favaloro, Andrea"]
[Black "Marzaduri, Riccardo"]
[WhiteElo "1760"]
[BlackElo "1826"]
[Result "1/2-1/2"]
[PlyCount "156"]
[EventDate "2012.08.27"]

1. d4 d5 2. c4 Nc6 3. cxd5 Qxd5 4. Nf3 e5 5. Nc3 Bb4 6. Bd2 Bxc3 7. Bxc3 e4 8.
Ne5 Nxe5 9. dxe5 Ne7 10. g3 e3 11. f3 Be6 12. Qd4 Qxd4 13. Bxd4 Nf5 14. Bc3
O-O-O 15. Bh3 Nd4 16. Bxe6+ fxe6 17. O-O-O Nxe2+ 18. Kc2 Rxd1 19. Rxd1 Rd8 20.
Rxd8+ Kxd8 21. Kd1 Ng1 22. f4 e2+ 23. Ke1 Nf3+ 24. Kxe2 Nxh2 25. Bd4 Kd7 26.
Bg1 Ng4 27. Kf3 h5 28. Ke4 g6 29. b4 Nh6 30. a3 Kc6 31. a4 a6 32. Bf2 b6 33.
Bd4 a5 34. bxa5 bxa5 35. Bg1 Nf5 36. Kf3 Kd5 37. g4 Nd4+ 38. Ke3 hxg4 39. Kd3
Nf3 40. Bf2 g5 41. fxg5 Nxg5 42. Be1 Nf3 43. Bxa5 Nxe5+ 44. Ke2 c5 45. Bc7 Nc6
46. a5 Nb4 47. Bg3 Kc4 48. Kd2 Kb5 49. Bd6 Na6 50. Ke3 Kxa5 51. Kf4 Kb6 52.
Kxg4 Kc6 53. Be5 Kd5 54. Kf4 Nb4 55. Ba1 e5+ 56. Kf3 Nc2 57. Bc3 e4+ 58. Ke2
Kc4 59. Bb2 Kd5 60. Bc3 Nd4+ 61. Ke3 Nb5 62. Bb2 Nd6 63. Bc3 Nc4+ 64. Ke2 Nb6
65. Ke3 Na4 66. Ba1 c4 67. Kd2 Nc5 68. Bc3 Kc6 69. Ke2 Kb5 70. Ke3 Ka4 71. Be1
Nd3 72. Bd2 Nc5 73. Be1 Kb3 74. Kd4 Nd3 75. Bd2 Nf2 76. Be1 Nd3 77. Bd2 Kc2 78.
Be3 Nc5 1/2-1/2

[Event "II Festival ASDEC A"]
[Site "Messina ITA"]
[Date "2012.08.29"]
[Round "3"]
[White "Fenocchio, Renato"]
[Black "Colnaghi, Davide"]
[WhiteElo "1587"]
[BlackElo "1690"]
[Result "1-0"]
[PlyCount "133"]
[EventDate "2012.08.27"]

1. d4 d5 2. Nf3 Nf6 3. e3 e6 4. Bd3 Nbd7 5. Nbd2 Bd6 6. O-O O-O 7. Re1 c5 8. c3
c4 9. Bc2 b5 10. e4 Be7 11. e5 Ne8 12. Nf1 Qb6 13. Bg5 Bxg5 14. Nxg5 g6 15.
Nxh7 Kxh7 16. Qh5+ Kg7 17. Qh3 Bb7 18. Re3 Qd8 19. Qg4 Rh8 20. Rg3 Rh4 21. Qe2
Kg8 22. Nd2 Ng7 23. Nf3 Rh7 24. Ng5 Nh5 25. Rg4 Qe7 26. Nxh7 Kxh7 27. g3 Kg7
28. Re1 Nf8 29. h4 Nh7 30. Qd2 Bc6 31. Re3 Rf8 32. Rf3 Be8 33. Bb1 f5 34. exf6+
N7xf6 35. Qg5 Qd6 36. Bxg6 Nxg4 37. Bc2+ Kh8 38. Rxf8+ Qxf8 39. Qxg4 Qh6 40. f4
Bf7 41. Kf2 Nf6 42. Qe2 Qh5 43. Qe1 Qg4 44. Qe5 Kg7 45. Qg5+ Qxg5 46. fxg5 Nd7
47. Ke3 Bg6 48. Bxg6 Kxg6 49. Kf4 Kh5 50. g4+ Kxh4 51. g6 Nf6 52. g7 a6 53. Ke5
Kg5 54. Kxe6 Kg6 55. g8=Q+ Nxg8 56. Kxd5 Kg5 57. Kc5 Kxg4 58. Kb6 Kf5 59. Kxa6
Ke4 60. Kxb5 Kd5 61. a4 Ne7 62. a5 Kd6 63. Kxc4 Kc6 64. b4 Nc8 65. d5+ Kd6 66.
b5 Kc7 67. Kc5 1-0

[Event "II Festival ASDEC A"]
[Site "Messina ITA"]
[Date "2012.08.29"]
[Round "3"]
[White "Ferrigno, Vincenzo"]
[Black "Rosolia, Giuseppe"]
[WhiteElo "1827"]
[BlackElo "1817"]
[Result "1-0"]
[PlyCount "119"]
[EventDate "2012.08.27"]

1. e4 e5 2. Nc3 Nf6 3. Bc4 Be7 4. Nf3 d6 5. d3 c6 6. d4 Nbd7 7. dxe5 dxe5 8.
Qe2 Qc7 9. Bxf7+ Kxf7 10. Ng5+ Ke8 11. Qc4 Rf8 12. Ne6 Qd6 13. Nxg7+ Kd8 14.
Ne6+ Ke8 15. Nxf8 Nxf8 16. Bg5 Bg4 17. h3 Be6 18. Qe2 Ng6 19. Bxf6 Bxf6 20. Qh5
Qe7 21. O-O-O b5 22. Kb1 a5 23. g3 a4 24. f4 Bf7 25. Qf3 b4 26. Ne2 Qe6 27. Nc1
Nf8 28. f5 Qe7 29. h4 b3 30. Qc3 Qb7 31. Rd6 bxa2+ 32. Nxa2 Be7 33. Qxc6+ Qxc6
34. Rxc6 Rb8 35. Rc3 Nd7 36. g4 Nf6 37. g5 Nxe4 38. Re3 Nd2+ 39. Ka1 Nc4 40.
Re4 Bd5 41. Rxc4 Bxc4 42. Re1 Rd8 43. Nc3 Bd6 44. Nxa4 Ra8 45. b3 Bb5 46. Re4
Kf7 47. Kb2 Rb8 48. Nc3 Bc6 49. Rc4 Bd7 50. Ne4 Be7 51. Rc7 Bxf5 52. Nd6+ Ke6
53. Nxf5 Bd8 54. Ng7+ Kd5 55. Rd7+ Ke4 56. Ne6 Bb6 57. Rxh7 Re8 58. Nc7 Rf8 59.
Nb5 Kf3 60. g6 1-0

[Event "II Festival ASDEC A"]
[Site "Messina ITA"]
[Date "2012.08.29"]
[Round "3"]
[White "Gangemi, Salvatore"]
[Black "Buda, Elvin"]
[WhiteElo "2048"]
[BlackElo "1842"]
[Result "1-0"]
[PlyCount "103"]
[EventDate "2012.08.27"]

1. c4 f5 2. Nc3 Nf6 3. g3 e5 4. d3 Be7 5. Bg2 O-O 6. e3 d6 7. Nge2 Nc6 8. O-O
Qe8 9. Nd5 Nxd5 10. cxd5 Nd8 11. d4 Nf7 12. Qc2 Bd8 13. Bd2 Ng5 14. dxe5 Qh5
15. Nf4 Nf3+ 16. Bxf3 Qxf3 17. exd6 cxd6 18. Qd1 Qe4 19. Bc3 Bb6 20. Qd3 Qf3
21. Ne6 f4 22. Nxf8 g6 23. Qd1 Qe4 24. f3 Qxe3+ 25. Kg2 fxg3 26. Bd2 Qd4 27.
hxg3 Kxf8 28. Bh6+ Kf7 29. Qxd4 Bxd4 30. Rac1 g5 31. Bxg5 Kg6 32. Bf4 Bxb2 33.
Rc7 Ba3 34. g4 h5 35. gxh5+ Kf6 36. h6 Bf5 37. h7 b5 38. Re1 Rh8 39. Ree7 Bg6
40. Bxd6 Bxd6 41. Re6+ Kg5 42. Rxd6 Bxh7 43. Rxa7 Kf4 44. Kf2 Bc2 45. Rf6+ Ke5
46. Rb6 Kxd5 47. Rxb5+ Kc4 48. Rb6 Kc5 49. Rb2 Bg6 50. Ke3 Rf8 51. a4 Rf6 52.
Rb5+ 1-0